000 00335cam a22001217a 4500
008 180718b1961 xxu||||| |||| 00| 0 eng d
082 _aT19x54 V559/61
100 _aVenkatasubbuiah, H.
245 _aIndian economy since independence
_cby H. Venkatasubbuiah
260 _aBombay
_bAsia
_c1961
300 _aix,359p.
650 _aEconomics
999 _c436978
_d436978